|
|
|
|
| LEADER |
00000cam a2200000 i 4500 |
| 001 |
1/28771 |
| 008 |
021112s2000 gr | ||| |||| ||gre|| |
| 020 |
|
|
|a 9602356383
|
| 035 |
|
|
|l 10068676
|
| 040 |
|
|
|a GR-MyUa
|b gre
|e AACR2
|
| 041 |
0 |
|
|a gre
|
| 082 |
0 |
|
|a 889.09
|
| 100 |
1 |
|
|a Δημαράς, Κ. Θ.
|q (Κωνσταντίνος Θ.),
|d 1904-1992.
|
| 245 |
1 |
0 |
|a Ιστορία της νεοελληνικής λογοτεχνίας :
|b από τις πρώτες ρίζες ως την εποχή μας /
|c Κ.Θ. Δημαράς.
|
| 250 |
|
|
|a 9η έκδ.
|
| 260 |
|
|
|a Αθήνα :
|b Γνώση,
|c 2000.
|
| 300 |
|
|
|a κγ', 946 σ. ;
|c 25 εκ.
|
| 504 |
|
|
|a Βιβλιογραφία: σ. 634-794. Ευρετήριο.
|
| 650 |
|
0 |
|a Greek literature, Modern
|x History and criticism.
|
| 852 |
|
|
|a INST
|b RHODES
|e 20021112
|h 889.09 ΔΗΜ
|p 005400015970
|q 005400015970
|t BK
|y 0
|
| 901 |
|
|
|a BIBL4-2002-3
|
| 922 |
|
|
|a 4ΕΛΗ
|b 200210
|c ΒΙΒΛΙΟΘΗΚΗ
|d ΔΕΝΤΡΟ
|
| 950 |
|
|
|a 094-2002-10-05
|
| 970 |
|
|
|a ΚΟΥΛΑΚΙΟΤΗ
|b ΛΙΤΣΑ
|z 2002/11/22
|